000 00789nam a2200205 i 4500
001 188780
003 ES-MaACL
005 20250824212439.0
008 190214s1966 sp |||| | spa d
100 1 _aSeligman, Ben B.
_9166250
245 1 0 _aPrincipales corrientes de la ciencia económica moderna :
_b(el pensamiento económico después de 1870) /
_cBen B. Seligman ; versión de Antonio Casahuga Vinardell ... [et al.].
260 _aBarcelona :
_bOccidente,
_c[1966]
300 _a961 p. ;
_c24 cm.
490 1 _aLibros de economía Oikos. Mega Oikos ;
_v2
650 0 4 _aEconomía-
_vHistoria.
_912012
700 1 _aCasahuga Vinardell, Antonio.
_936034
830 1 0 _aLibros de economía Oikos
_v2
_9193243
852 _aES-MaACL
_jP-477-Ter-2
999 _c188780
_d188780